Optimalizácia kvalitatívneho stanovenia zložiek čiernouhoľného dechtu a jeho frakcií
Enregistré dans:
| Auteur principal: | |
|---|---|
| Autres auteurs: | |
| Format: | Manuscrit Livre |
| Langue: | slovaque |
| Publié: |
2015
|
| Sujets: | |
| Accès en ligne: | http://is.stuba.sk/zp/portal_zp.pl?podrobnosti=113049 |
| Tags: |
Pas de tags, Soyez le premier à ajouter un tag!
|
MARC
| LEADER | 00000ntm a22000003a 4500 | ||
|---|---|---|---|
| 001 | stuzp52740 | ||
| 003 | SK-STU | ||
| 005 | 20160719154250.7 | ||
| 007 | ta | ||
| 008 | 150427s2015----xo-----f-mn---000-0-slo-d | ||
| 040 | |a STU |b slo | ||
| 041 | 0 | |a slo | |
| 100 | 1 | |a Valachovičová, Martina |u 048170 |4 aut |U FCHPT Ústav organickej chémie, katalýzy a petrochémie |T FCHPT Oddelenie technológie ropy a petrochémie |X 44209 |U C8170 |Y 125 |7 44209 | |
| 242 | 0 | 1 | |a Optimalization of qualitative determination of coal tar constituents and its fractions |y eng |
| 245 | 1 | 0 | |a Optimalizácia kvalitatívneho stanovenia zložiek čiernouhoľného dechtu a jeho frakcií |
| 260 | |c 2015 | ||
| 650 | 4 | |a surový benzol |2 slo | |
| 650 | 4 | |a prací olej I |2 slo | |
| 650 | 4 | |a stĺpcová chromatografia |2 slo | |
| 650 | 4 | |a alumina |2 slo | |
| 650 | 4 | |a silikagél |2 slo | |
| 650 | 4 | |a wash oil I |2 eng | |
| 650 | 4 | |a column chromatography |2 eng | |
| 650 | 4 | |a crude benzole |2 eng | |
| 650 | 4 | |a silica gel |2 eng | |
| 650 | 4 | |a alumina |2 eng | |
| 700 | 1 | |a Daučík, Pavol, |d 1944- |4 ths |X 3277 |7 A000003277 | |
| 856 | 4 | |u http://is.stuba.sk/zp/portal_zp.pl?podrobnosti=113049 | |
| SQL | |a stuzp52740 |b DDP |c SLO |d Optimalizácia kvalitatívneho stanovenia zložiek čiernouhoľného dechtu a jeho frakcií |e 44209 |f Valachovičová, Martina |g 048170 |h 3277 |i Daučík, Pavol |j 20150609 |k 117 |l 04 |m http://is.stuba.sk/zp/portal_zp.pl?podrobnosti=113049 |n I-CHTI |o 5.2.18. chemické technológie | ||